000 00553nam a2200181Ia 4500
008 090124s9999 xx 000 0 und d
082 _b6923
_a5503
100 _aकाणेकर अनंत
245 _a दिव्यावरती अंधार
250 _a2
260 _c1947
300 _a110
600 _aकाणेकर अनंत
630 _a दिव्यावरती अंधार
700 _aकाणेकर अनंत
730 _a दिव्यावरती अंधार
942 _cBOOK
999 _c120864
_d120864